[Event "9 Round Open"]
[Site "Enniscrone, Sligo, IE"]
[Date "2026.02.02"]
[Round "1"]
[White "Blohberger, Felix"]
[Black "Morriss, Pete"]
[Result "1-0"]
[Board "1"]
[WhiteFideId "1632051"]
[BlackFideId "2500230"]
[WhiteTitle "GM"]
[WhiteElo "2543"]
[BlackElo "1931"]
[WhiteTeam "AUT"]
[BlackTeam "IRL"]
[WhiteClock "0:34:33"]
[BlackClock "0:02:12"]
[Variant "Standard"]

1. Nf3 {[%clk 1:30:55]}  Nf6 {[%clk 1:30:29]} 2. c4 {[%clk 1:31:18]}  e6 {[%clk 1:30:44]} 3. Nc3 {[%clk 1:31:42]}  d5 {[%clk 1:30:34]} 4. e3 {[%clk 1:31:52]}  c5 {[%clk 1:30:19]} 5. cxd5 {[%clk 1:31:59]}  Nxd5 {[%clk 1:29:00]} 6. Nxd5 {[%clk 1:27:30]}  Qxd5 {[%clk 1:27:59]} 7. b3 {[%clk 1:27:29]}  Nc6 {[%clk 1:26:43]} 8. Bb2 {[%clk 1:27:18]}  Bd7 {[%clk 1:19:14]} 9. Bc4 {[%clk 1:27:00]}  Qh5 {[%clk 1:18:29]} 10. O-O {[%clk 1:27:05]}  Bd6 {[%clk 1:10:53]} 11. d4 {[%clk 1:12:17]}  cxd4 {[%clk 1:08:05]} 12. Bxd4 {[%clk 1:10:18]}  Nxd4 {[%clk 0:50:16]} 13. Qxd4 {[%clk 1:09:59]}  Bc7 {[%clk 0:42:32]} 14. Qxg7 {[%clk 1:01:05]}  O-O-O {[%clk 0:40:48]} 15. Qg5 {[%clk 1:00:08]}  Qxg5 {[%clk 0:34:09]} 16. Nxg5 {[%clk 1:00:32]}  Rhg8 {[%clk 0:34:07]} 17. f4 {[%clk 0:49:42]}  Bb6 {[%clk 0:29:59]} 18. Kf2 {[%clk 0:37:20]}  Bc6 {[%clk 0:28:35]} 19. Rfd1 {[%clk 0:37:17]}  h6 {[%clk 0:15:20]} 20. Nf3 {[%clk 0:37:18]}  Bc7 {[%clk 0:09:42]} 21. g3 {[%clk 0:35:57]}  b5 {[%clk 0:09:17]} 22. Be2 {[%clk 0:35:46]}  a6 {[%clk 0:05:52]} 23. Nd4 {[%clk 0:35:16]}  Bb7 {[%clk 0:03:42]} 24. a4 {[%clk 0:34:31]}  bxa4 {[%clk 0:03:20]} 25. Rxa4 {[%clk 0:34:35]}  a5 {[%clk 0:03:10]} 26. Rc1 {[%clk 0:34:26]}  Kb8 {[%clk 0:03:16]} 27. b4 {[%clk 0:33:52]}  axb4 {[%clk 0:02:21]} 28. Rxb4 {[%clk 0:34:14]}  Bd6 {[%clk 0:02:12]} 29. Nc6+ {[%clk 0:34:33]} 1-0

[Event "9 Round Open"]
[Site "Enniscrone, Sligo, IE"]
[Date "2026.02.02"]
[Round "1"]
[White "Prado, Alexandra"]
[Black "Krastev, Alexander"]
[Result "0-1"]
[Board "2"]
[WhiteFideId "3301346"]
[BlackFideId "12989983"]
[WhiteTitle "WCM"]
[BlackTitle "IM"]
[WhiteElo "1924"]
[BlackElo "2433"]
[WhiteTeam "BOL"]
[BlackTeam "GER"]
[WhiteClock "0:02:34"]
[BlackClock "0:01:53"]
[Variant "Standard"]

1. e4 {[%clk 1:30:54]}  c5 {[%clk 1:30:56]} 2. Nc3 {[%clk 1:30:58]}  e6 {[%clk 1:31:06]} 3. g3 {[%clk 1:30:32]}  d5 {[%clk 1:31:27]} 4. exd5 {[%clk 1:27:54]}  exd5 {[%clk 1:31:46]} 5. d3 {[%clk 1:28:11]}  d4 {[%clk 1:22:59]} 6. Ne4 {[%clk 1:26:05]}  Nc6 {[%clk 1:22:43]} 7. Bg2 {[%clk 1:25:24]}  Be7 {[%clk 1:22:42]} 8. Qe2 {[%clk 0:50:01]}  f5 {[%clk 0:57:06]} 9. Ng5 {[%clk 1:08:11]}  Qd7 {[%clk 0:47:00]} 10. N1h3 {[%clk 1:01:33]}  Nf6 {[%clk 0:44:25]} 11. Nf4 {[%clk 0:51:09]}  O-O {[%clk 0:44:21]} 12. O-O {[%clk 0:43:17]}  Re8 {[%clk 0:43:37]} 13. Nh5 {[%clk 0:27:29]}  g6 {[%clk 0:36:59]} 14. Nxf6+ {[%clk 0:23:59]}  Bxf6 {[%clk 0:37:23]} 15. Bd5+ {[%clk 0:23:15]}  Kg7 {[%clk 0:37:43]} 16. Qf3 {[%clk 0:23:34]}  h6 {[%clk 0:17:39]} 17. Nf7 {[%clk 0:22:17]}  Re7 {[%clk 0:12:31]} 18. Nxh6 {[%clk 0:18:29]}  Ne5 {[%clk 0:04:21]} 19. Qg2 {[%clk 0:18:03]}  Re8 {[%clk 0:04:48]} 20. f4 {[%clk 0:13:50]}  Nxd3 {[%clk 0:05:10]} 21. Nf7 {[%clk 0:12:08]}  Ne1 {[%clk 0:04:51]} 22. Rxe1 {[%clk 0:08:07]}  Rxe1+ {[%clk 0:05:20]} 23. Kf2 {[%clk 0:08:28]}  Qe7 {[%clk 0:01:41]} 24. Ne5 {[%clk 0:07:47]}  Bxe5 {[%clk 0:02:06]} 25. Kxe1 {[%clk 0:07:44]}  Bxf4+ {[%clk 0:01:48]} 26. Kf1 {[%clk 0:07:35]}  Bxc1 {[%clk 0:01:12]} 27. Rxc1 {[%clk 0:08:03]}  Bd7 {[%clk 0:01:35]} 28. Re1 {[%clk 0:07:30]}  Bb5+ {[%clk 0:01:30]} 29. Kf2 {[%clk 0:07:50]}  Qg5 {[%clk 0:01:27]} 30. Kg1 {[%clk 0:04:51]}  Re8 {[%clk 0:01:55]} 31. Rxe8 {[%clk 0:03:56]}  Qc1+ {[%clk 0:02:21]} 32. Kf2 {[%clk 0:03:50]}  Qxc2+ {[%clk 0:01:57]} 33. Kf3 {[%clk 0:03:16]}  Qd3+ {[%clk 0:01:51]} 34. Kf4 {[%clk 0:02:17]}  Bxe8 {[%clk 0:02:17]} 35. Qf2 {[%clk 0:02:23]}  Kf6 {[%clk 0:02:22]} 36. h4 {[%clk 0:02:34]}  Qd1 {[%clk 0:01:53]} 0-1

[Event "9 Round Open"]
[Site "Enniscrone, Sligo, IE"]
[Date "2026.02.02"]
[Round "1"]
[White "Risteski, Emil"]
[Black "Gulljord, Birk"]
[Result "1-0"]
[Board "3"]
[WhiteFideId "15005267"]
[BlackFideId "1542753"]
[WhiteTitle "IM"]
[WhiteElo "2410"]
[BlackElo "1923"]
[WhiteTeam "MKD"]
[BlackTeam "NOR"]
[WhiteClock "1:22:04"]
[BlackClock "0:11:02"]
[Variant "Standard"]

1. e4 {[%clk 1:30:55]}  c6 {[%clk 1:30:55]} 2. d4 {[%clk 1:31:21]}  d5 {[%clk 1:31:21]} 3. Nd2 {[%clk 1:31:40]}  dxe4 {[%clk 1:31:42]} 4. Nxe4 {[%clk 1:32:05]}  Bf5 {[%clk 1:32:01]} 5. Ng3 {[%clk 1:32:29]}  Bg6 {[%clk 1:32:17]} 6. h4 {[%clk 1:32:55]}  h6 {[%clk 1:32:37]} 7. Nf3 {[%clk 1:33:21]}  Nd7 {[%clk 1:33:00]} 8. h5 {[%clk 1:33:45]}  Bh7 {[%clk 1:33:26]} 9. Bd3 {[%clk 1:34:11]}  Bxd3 {[%clk 1:33:49]} 10. Qxd3 {[%clk 1:34:38]}  e6 {[%clk 1:34:10]} 11. Bd2 {[%clk 1:35:01]}  Ngf6 {[%clk 1:34:28]} 12. O-O-O {[%clk 1:35:24]}  Be7 {[%clk 1:34:46]} 13. Kb1 {[%clk 1:35:48]}  O-O {[%clk 1:34:38]} 14. Ne4 {[%clk 1:36:09]}  Nxe4 {[%clk 1:35:01]} 15. Qxe4 {[%clk 1:36:35]}  Nf6 {[%clk 1:35:22]} 16. Qe2 {[%clk 1:37:00]}  Qd5 {[%clk 1:35:10]} 17. Be3 {[%clk 1:36:47]}  Bd6 {[%clk 1:26:47]} 18. Nd2 {[%clk 1:28:30]}  b5 {[%clk 1:12:41]} 19. g4 {[%clk 1:26:40]}  a5 {[%clk 0:51:50]} 20. Rhg1 {[%clk 1:25:48]}  a4 {[%clk 0:29:27]} 21. g5 {[%clk 1:25:10]}  Ne4 {[%clk 0:20:36]} 22. Nxe4 {[%clk 1:24:23]}  Qxe4 {[%clk 0:21:00]} 23. gxh6 {[%clk 1:24:33]}  g6 {[%clk 0:15:39]} 24. Rg4 {[%clk 1:22:18]}  Qf5 {[%clk 0:15:10]} 25. Rg5 {[%clk 1:21:54]}  Qe4 {[%clk 0:12:04]} 26. f3 {[%clk 1:21:56]}  Qh4 {[%clk 0:12:25]} 27. Qg2 {[%clk 1:22:02]}  Qh2 {[%clk 0:10:40]} 28. Qxh2 {[%clk 1:21:46]}  Bxh2 {[%clk 0:11:02]} 29. f4 {[%clk 1:22:04]} 1-0

[Event "9 Round Open"]
[Site "Enniscrone, Sligo, IE"]
[Date "2026.02.02"]
[Round "1"]
[White "Melling, Jonathon"]
[Black "Willems, Niels"]
[Result "0-1"]
[Board "4"]
[WhiteFideId "841790"]
[BlackFideId "20695586"]
[BlackTitle "FM"]
[WhiteElo "1878"]
[BlackElo "2390"]
[WhiteTeam "IRL"]
[BlackTeam "FRA"]
[WhiteClock "0:04:21"]
[BlackClock "0:38:19"]
[Variant "Standard"]

1. d4 {[%clk 1:30:58]}  Nf6 {[%clk 1:30:52]} 2. Bf4 {[%clk 1:31:21]}  d5 {[%clk 1:31:15]} 3. e3 {[%clk 1:31:41]}  c5 {[%clk 1:31:39]} 4. Nd2 {[%clk 1:32:03]}  Nc6 {[%clk 1:31:49]} 5. Ngf3 {[%clk 1:32:02]}  Nh5 {[%clk 1:31:42]} 6. Bg5 {[%clk 1:28:13]}  h6 {[%clk 1:31:55]} 7. Bh4 {[%clk 1:28:39]}  g5 {[%clk 1:32:07]} 8. Bg3 {[%clk 1:29:05]}  Nxg3 {[%clk 1:32:07]} 9. hxg3 {[%clk 1:29:29]}  g4 {[%clk 1:32:24]} 10. Ne5 {[%clk 1:22:33]}  Nxe5 {[%clk 1:32:44]} 11. dxe5 {[%clk 1:22:58]}  Bg7 {[%clk 1:33:04]} 12. Bb5+ {[%clk 1:22:02]}  Kf8 {[%clk 1:33:27]} 13. Rh5 {[%clk 1:16:27]}  c4 {[%clk 1:32:56]} 14. c3 {[%clk 1:10:14]}  Qb6 {[%clk 1:32:54]} 15. Qa4 {[%clk 0:54:05]}  Qg6 {[%clk 1:16:58]} 16. Rh2 {[%clk 0:54:22]}  Bxe5 {[%clk 1:08:33]} 17. Bd7 {[%clk 0:53:08]}  Kg7 {[%clk 1:06:38]} 18. Bxc8 {[%clk 0:52:34]}  Rhxc8 {[%clk 1:07:05]} 19. Qd1 {[%clk 0:45:02]}  b5 {[%clk 1:06:00]} 20. Rc1 {[%clk 0:42:16]}  e6 {[%clk 1:02:46]} 21. Qe2 {[%clk 0:38:13]}  b4 {[%clk 1:01:26]} 22. Rh4 {[%clk 0:33:16]}  h5 {[%clk 1:01:22]} 23. Nb1 {[%clk 0:33:19]}  Rab8 {[%clk 1:00:43]} 24. Rd1 {[%clk 0:21:19]}  Rc6 {[%clk 0:56:51]} 25. Kf1 {[%clk 0:20:39]}  Bf6 {[%clk 0:55:26]} 26. Rh1 {[%clk 0:20:45]}  bxc3 {[%clk 0:55:32]} 27. Nxc3 {[%clk 0:19:46]}  Rcb6 {[%clk 0:56:00]} 28. Na4 {[%clk 0:15:40]}  Rb4 {[%clk 0:54:59]} 29. b3 {[%clk 0:15:06]}  cxb3 {[%clk 0:55:26]} 30. axb3 {[%clk 0:15:32]}  Rxb3 {[%clk 0:55:47]} 31. Kg1 {[%clk 0:15:47]}  Ra3 {[%clk 0:54:03]} 32. Nc5 {[%clk 0:16:03]}  Rb2 {[%clk 0:54:24]} 33. Qf1 {[%clk 0:15:36]}  Rba2 {[%clk 0:46:10]} 34. Kh2 {[%clk 0:09:05]}  h4 {[%clk 0:42:51]} 35. Nd7 {[%clk 0:06:10]}  hxg3+ {[%clk 0:42:10]} 36. Kxg3 {[%clk 0:06:33]}  Be7 {[%clk 0:39:33]} 37. Kh2 {[%clk 0:06:06]}  g3+ {[%clk 0:39:55]} 38. Kh3 {[%clk 0:04:21]}  Qh5+ {[%clk 0:38:19]} 0-1

[Event "9 Round Open"]
[Site "Enniscrone, Sligo, IE"]
[Date "2026.02.02"]
[Round "1"]
[White "Collins, Adam"]
[Black "Webb, Nick"]
[Result "1-0"]
[Board "5"]
[WhiteFideId "2512300"]
[BlackFideId "2517302"]
[WhiteTitle "FM"]
[WhiteElo "2312"]
[BlackElo "1876"]
[WhiteTeam "IRL"]
[BlackTeam "IRL"]
[WhiteClock "0:20:11"]
[BlackClock "0:22:56"]
[Variant "Standard"]

1. e4 {[%clk 1:30:56]}  c5 {[%clk 1:30:43]} 2. Nf3 {[%clk 1:31:20]}  g6 {[%clk 1:30:59]} 3. c3 {[%clk 1:30:46]}  Bg7 {[%clk 1:30:45]} 4. d4 {[%clk 1:30:38]}  cxd4 {[%clk 1:30:21]} 5. cxd4 {[%clk 1:30:56]}  Nf6 {[%clk 1:30:19]} 6. Nc3 {[%clk 1:30:44]}  O-O {[%clk 1:27:24]} 7. Be2 {[%clk 1:28:40]}  d6 {[%clk 1:25:17]} 8. h3 {[%clk 1:28:15]}  Nc6 {[%clk 1:21:28]} 9. Be3 {[%clk 1:15:14]}  a6 {[%clk 1:15:52]} 10. d5 {[%clk 1:04:42]}  Nb8 {[%clk 1:14:56]} 11. a4 {[%clk 1:01:35]}  e6 {[%clk 1:12:06]} 12. Nd2 {[%clk 0:50:03]}  exd5 {[%clk 1:10:58]} 13. exd5 {[%clk 0:50:17]}  Re8 {[%clk 1:09:40]} 14. Nc4 {[%clk 0:47:36]}  Bf5 {[%clk 1:04:41]} 15. Qb3 {[%clk 0:40:18]}  Ne4 {[%clk 1:03:10]} 16. Nxe4 {[%clk 0:31:18]}  Bxe4 {[%clk 1:02:46]} 17. Nb6 {[%clk 0:29:55]}  Ra7 {[%clk 1:00:23]} 18. Rc1 {[%clk 0:29:02]}  Nc6 {[%clk 0:53:40]} 19. dxc6 {[%clk 0:28:36]}  bxc6 {[%clk 0:53:37]} 20. O-O {[%clk 0:26:41]}  c5 {[%clk 0:51:08]} 21. Bc4 {[%clk 0:25:14]}  a5 {[%clk 0:48:58]} 22. Bd5 {[%clk 0:23:15]}  Qb8 {[%clk 0:42:45]} 23. Qc4 {[%clk 0:22:35]}  Rae7 {[%clk 0:31:33]} 24. Qb5 {[%clk 0:22:01]}  Bxd5 {[%clk 0:27:54]} 25. Nxd5 {[%clk 0:22:29]}  Rb7 {[%clk 0:27:53]} 26. Qxa5 {[%clk 0:21:55]}  Rxb2 {[%clk 0:27:42]} 27. Qc7 {[%clk 0:20:55]}  Qb3 {[%clk 0:25:06]} 28. Qxd6 {[%clk 0:20:01]}  Qxa4 {[%clk 0:22:56]} 29. Nf6+ {[%clk 0:20:11]} 1-0

[Event "9 Round Open"]
[Site "Enniscrone, Sligo, IE"]
[Date "2026.02.02"]
[Round "1"]
[White "Stokes, Stephen"]
[Black "Ribeiro, Gustavo"]
[Result "0-1"]
[Board "6"]
[WhiteFideId "2503530"]
[BlackFideId "1941852"]
[BlackTitle "FM"]
[WhiteElo "1875"]
[BlackElo "2276"]
[WhiteTeam "IRL"]
[BlackTeam "POR"]
[WhiteClock "0:03:08"]
[BlackClock "0:27:07"]
[Variant "Standard"]

1. f4 {[%clk 1:30:56]}  c5 {[%clk 0:45:20]} 2. Nf3 {[%clk 1:31:15]}  d5 {[%clk 0:45:39]} 3. e3 {[%clk 1:31:33]}  Nc6 {[%clk 0:46:04]} 4. Bb5 {[%clk 1:31:38]}  Bd7 {[%clk 0:46:21]} 5. b3 {[%clk 1:31:31]}  f6 {[%clk 0:46:16]} 6. Bb2 {[%clk 1:30:37]}  Qc7 {[%clk 0:45:22]} 7. O-O {[%clk 1:28:54]}  e6 {[%clk 0:45:30]} 8. Nc3 {[%clk 1:17:26]}  a6 {[%clk 0:43:48]} 9. Bxc6 {[%clk 1:10:32]}  Qxc6 {[%clk 0:43:31]} 10. Ne5 {[%clk 0:48:16]}  fxe5 {[%clk 0:43:18]} 11. Qh5+ {[%clk 0:48:31]}  Kd8 {[%clk 0:43:43]} 12. fxe5 {[%clk 0:40:58]}  Kc7 {[%clk 0:43:57]} 13. Ne2 {[%clk 0:38:55]}  Nh6 {[%clk 0:41:58]} 14. c4 {[%clk 0:34:31]}  dxc4 {[%clk 0:35:27]} 15. bxc4 {[%clk 0:33:47]}  Qe4 {[%clk 0:35:04]} 16. Rf4 {[%clk 0:27:15]}  Qd3 {[%clk 0:34:49]} 17. Bc3 {[%clk 0:26:27]}  g5 {[%clk 0:32:55]} 18. Nc1 {[%clk 0:22:16]}  Qg6 {[%clk 0:32:55]} 19. Qxg6 {[%clk 0:22:06]}  hxg6 {[%clk 0:33:19]} 20. Rf6 {[%clk 0:20:01]}  Be7 {[%clk 0:29:45]} 21. Rf1 {[%clk 0:17:49]}  Bc6 {[%clk 0:29:23]} 22. Nd3 {[%clk 0:08:44]}  Nf5 {[%clk 0:29:05]} 23. Nf2 {[%clk 0:07:40]}  Rh4 {[%clk 0:29:06]} 24. e4 {[%clk 0:04:31]}  Rah8 {[%clk 0:28:42]} 25. h3 {[%clk 0:03:25]}  Ng3 {[%clk 0:28:38]} 26. Rfe1 {[%clk 0:03:32]}  Nxe4 {[%clk 0:28:09]} 27. Ng4 {[%clk 0:02:54]}  Rd8 {[%clk 0:27:38]} 28. Re2 {[%clk 0:02:46]}  Rd3 {[%clk 0:27:48]} 29. Re3 {[%clk 0:02:17]}  Rxe3 {[%clk 0:26:58]} 30. Nxe3 {[%clk 0:02:37]}  Nxc3 {[%clk 0:27:18]} 31. dxc3 {[%clk 0:02:58]}  Re4 {[%clk 0:27:17]} 32. Re1 {[%clk 0:03:03]}  g4 {[%clk 0:27:04]} 33. hxg4 {[%clk 0:03:19]}  Bg5 {[%clk 0:26:56]} 34. Kf2 {[%clk 0:02:56]}  Bh4+ {[%clk 0:26:40]} 35. g3 {[%clk 0:03:08]}  Rf4+ {[%clk 0:27:07]} 0-1

[Event "9 Round Open"]
[Site "Enniscrone, Sligo, IE"]
[Date "2026.02.02"]
[Round "1"]
[White "Rosol, Philip"]
[Black "Alvarez Jimenez, Alfonso"]
[Result "1-0"]
[Board "7"]
[WhiteFideId "1664905"]
[BlackFideId "2297418"]
[WhiteElo "2271"]
[BlackElo "1868"]
[WhiteTeam "POL"]
[BlackTeam "ESP"]
[WhiteClock "0:49:47"]
[BlackClock "0:46:58"]
[Variant "Standard"]

1. d4 {[%clk 1:26:32]}  c5 {[%clk 1:30:39]} 2. d5 {[%clk 1:26:52]}  b5 {[%clk 1:31:02]} 3. e4 {[%clk 1:26:16]}  a6 {[%clk 1:31:23]} 4. c4 {[%clk 1:22:28]}  b4 {[%clk 1:27:44]} 5. a3 {[%clk 1:19:25]}  a5 {[%clk 1:23:00]} 6. axb4 {[%clk 1:15:44]}  cxb4 {[%clk 1:23:20]} 7. c5 {[%clk 1:10:46]}  Ba6 {[%clk 1:19:03]} 8. Bxa6 {[%clk 1:09:07]}  Nxa6 {[%clk 1:19:12]} 9. Be3 {[%clk 1:07:59]}  Qc7 {[%clk 1:15:31]} 10. c6 {[%clk 1:04:23]}  Nb8 {[%clk 1:06:37]} 11. Nd2 {[%clk 0:59:38]}  e6 {[%clk 1:00:03]} 12. Ngf3 {[%clk 0:53:27]}  exd5 {[%clk 0:56:15]} 13. exd5 {[%clk 0:53:00]}  Nf6 {[%clk 0:53:48]} 14. Nc4 {[%clk 0:51:58]}  dxc6 {[%clk 0:52:06]} 15. d6 {[%clk 0:52:07]}  Qd8 {[%clk 0:46:58]} 16. Qe2 {[%clk 0:49:47]} 1-0

[Event "9 Round Open"]
[Site "Enniscrone, Sligo, IE"]
[Date "2026.02.02"]
[Round "1"]
[White "Kelbas, Dariy"]
[Black "Rakhmangulov, Andrei"]
[Result "0-1"]
[Board "8"]
[WhiteFideId "34160515"]
[BlackFideId "14101467"]
[BlackTitle "IM"]
[WhiteElo "1866"]
[BlackElo "2262"]
[WhiteTeam "UKR"]
[BlackTeam "UKR"]
[WhiteClock "0:01:39"]
[BlackClock "0:31:14"]
[Variant "Standard"]

1. d4 {[%clk 1:28:53]}  Nf6 {[%clk 1:30:42]} 2. Bf4 {[%clk 1:28:20]}  c5 {[%clk 1:29:22]} 3. e3 {[%clk 1:27:04]}  e6 {[%clk 1:28:09]} 4. c3 {[%clk 1:24:49]}  Nc6 {[%clk 1:28:15]} 5. Nf3 {[%clk 1:23:15]}  d5 {[%clk 1:28:28]} 6. Bd3 {[%clk 1:20:36]}  Bd6 {[%clk 1:28:31]} 7. Bg3 {[%clk 1:20:38]}  Bxg3 {[%clk 1:27:44]} 8. hxg3 {[%clk 1:20:58]}  Qe7 {[%clk 1:28:05]} 9. Ne5 {[%clk 1:13:16]}  Nxe5 {[%clk 1:27:56]} 10. dxe5 {[%clk 1:13:33]}  Nd7 {[%clk 1:28:15]} 11. f4 {[%clk 1:10:19]}  c4 {[%clk 1:24:22]} 12. Bc2 {[%clk 1:10:03]}  Qc5 {[%clk 1:24:03]} 13. Qe2 {[%clk 1:05:58]}  Qb6 {[%clk 1:20:17]} 14. b3 {[%clk 1:02:20]}  cxb3 {[%clk 1:19:50]} 15. axb3 {[%clk 1:01:14]}  a6 {[%clk 1:19:14]} 16. Nd2 {[%clk 0:57:47]}  Qc7 {[%clk 1:15:41]} 17. c4 {[%clk 0:52:21]}  b5 {[%clk 1:15:26]} 18. Rc1 {[%clk 0:51:16]}  Bb7 {[%clk 1:12:58]} 19. cxb5 {[%clk 0:47:24]}  Qb6 {[%clk 1:07:53]} 20. bxa6 {[%clk 0:41:10]}  Bxa6 {[%clk 1:03:42]} 21. Bd3 {[%clk 0:40:04]}  Nc5 {[%clk 1:00:38]} 22. Bxa6 {[%clk 0:39:18]}  Nxa6 {[%clk 1:00:59]} 23. e4 {[%clk 0:24:37]}  Nb4 {[%clk 0:55:04]} 24. Qf3 {[%clk 0:17:14]}  O-O {[%clk 0:50:22]} 25. exd5 {[%clk 0:12:35]}  exd5 {[%clk 0:49:25]} 26. Nb1 {[%clk 0:09:53]}  Ra2 {[%clk 0:39:40]} 27. Rc3 {[%clk 0:04:01]}  d4 {[%clk 0:35:02]} 28. Qe4 {[%clk 0:04:00]}  h6 {[%clk 0:34:27]} 29. Rc4 {[%clk 0:04:15]}  d3 {[%clk 0:34:25]} 30. Kd1 {[%clk 0:03:15]}  Nc2 {[%clk 0:33:25]} 31. Kc1 {[%clk 0:02:32]}  Qxb3 {[%clk 0:33:12]} 32. e6 {[%clk 0:01:48]}  Qb2+ {[%clk 0:31:36]} 33. Kd2 {[%clk 0:02:02]}  Nb4+ {[%clk 0:31:31]} 34. Kd1 {[%clk 0:01:39]}  Qe2+ {[%clk 0:31:14]} 0-1

[Event "9 Round Open"]
[Site "Enniscrone, Sligo, IE"]
[Date "2026.02.02"]
[Round "1"]
[White "Liu, Jason"]
[Black "McGill, Derek"]
[Result "1-0"]
[Board "9"]
[WhiteFideId "2514656"]
[BlackFideId "2510375"]
[WhiteTitle "FM"]
[WhiteElo "2181"]
[BlackElo "1853"]
[WhiteTeam "IRL"]
[BlackTeam "IRL"]
[WhiteClock "0:11:42"]
[BlackClock "0:02:35"]
[Variant "Standard"]

1. e4 {[%clk 1:30:57]}  c6 {[%clk 1:18:01]} 2. d4 {[%clk 1:31:06]}  d5 {[%clk 1:18:25]} 3. exd5 {[%clk 1:31:31]}  cxd5 {[%clk 1:18:40]} 4. Nf3 {[%clk 1:31:50]}  Nc6 {[%clk 1:18:04]} 5. c3 {[%clk 1:32:13]}  Bf5 {[%clk 1:16:42]} 6. Nh4 {[%clk 1:30:14]}  Bg6 {[%clk 1:12:29]} 7. Nxg6 {[%clk 1:27:30]}  hxg6 {[%clk 1:11:58]} 8. Nd2 {[%clk 1:28:58]}  e6 {[%clk 1:11:33]} 9. Nf3 {[%clk 1:26:28]}  Bd6 {[%clk 1:09:30]} 10. Bd3 {[%clk 1:25:15]}  Qc7 {[%clk 1:06:43]} 11. Qe2 {[%clk 1:19:04]}  Nge7 {[%clk 1:05:17]} 12. h3 {[%clk 1:15:00]}  Nf5 {[%clk 1:01:38]} 13. Bd2 {[%clk 1:07:49]}  O-O-O {[%clk 0:52:06]} 14. b4 {[%clk 0:58:51]}  Rde8 {[%clk 0:46:36]} 15. O-O {[%clk 0:55:51]}  Nh4 {[%clk 0:34:48]} 16. b5 {[%clk 0:43:00]}  Na5 {[%clk 0:24:24]} 17. Ne5 {[%clk 0:36:36]}  Bxe5 {[%clk 0:19:36]} 18. dxe5 {[%clk 0:36:25]}  Nc4 {[%clk 0:19:48]} 19. Bxc4 {[%clk 0:32:13]}  Qxc4 {[%clk 0:20:02]} 20. Qxc4+ {[%clk 0:28:44]}  dxc4 {[%clk 0:20:23]} 21. Be3 {[%clk 0:27:41]}  b6 {[%clk 0:19:05]} 22. Rfd1 {[%clk 0:25:21]}  Nf5 {[%clk 0:17:12]} 23. Bg5 {[%clk 0:23:57]}  Ne7 {[%clk 0:09:45]} 24. Rd4 {[%clk 0:22:19]}  Nd5 {[%clk 0:09:45]} 25. Rxc4+ {[%clk 0:20:43]}  Kb7 {[%clk 0:10:08]} 26. Rd4 {[%clk 0:19:12]}  Rc8 {[%clk 0:06:55]} 27. c4 {[%clk 0:15:15]}  Nc3 {[%clk 0:06:38]} 28. Kf1 {[%clk 0:14:42]}  Rc5 {[%clk 0:03:58]} 29. Rc1 {[%clk 0:12:06]}  Na4 {[%clk 0:02:57]} 30. Be7 {[%clk 0:10:47]}  Rxe5 {[%clk 0:02:41]} 31. Rd7+ {[%clk 0:10:53]}  Ka8 {[%clk 0:02:09]} 32. Rcd1 {[%clk 0:11:00]}  Rc8 {[%clk 0:01:58]} 33. Rd8 {[%clk 0:11:10]}  Rxd8 {[%clk 0:02:12]} 34. Rxd8+ {[%clk 0:11:32]}  Kb7 {[%clk 0:02:35]} 35. Bd6 {[%clk 0:11:42]} 1-0

[Event "9 Round Open"]
[Site "Enniscrone, Sligo, IE"]
[Date "2026.02.02"]
[Round "1"]
[White "Smith, Lynda"]
[Black "Saine, Zachary"]
[Result "0-1"]
[Board "10"]
[WhiteFideId "1800191"]
[BlackFideId "2624346"]
[WhiteTitle "WCM"]
[WhiteElo "1822"]
[BlackElo "2149"]
[WhiteTeam "WLS"]
[BlackTeam "CAN"]
[WhiteClock "0:33:49"]
[BlackClock "0:25:35"]
[Variant "Standard"]

1. e4 {[%clk 1:30:30]}  c6 {[%clk 1:20:09]} 2. d3 {[%clk 1:30:54]}  d5 {[%clk 1:20:09]} 3. Nd2 {[%clk 1:31:18]}  e5 {[%clk 1:19:59]} 4. Ngf3 {[%clk 1:30:51]}  Bd6 {[%clk 1:20:16]} 5. Be2 {[%clk 1:30:34]}  Nf6 {[%clk 1:16:18]} 6. O-O {[%clk 1:30:07]}  O-O {[%clk 1:16:21]} 7. b3 {[%clk 1:27:28]}  Re8 {[%clk 1:15:34]} 8. h3 {[%clk 1:27:00]}  Nbd7 {[%clk 1:15:43]} 9. Nh2 {[%clk 1:23:24]}  Nf8 {[%clk 1:11:07]} 10. Bb2 {[%clk 1:19:38]}  Ng6 {[%clk 1:11:00]} 11. Ng4 {[%clk 1:18:35]}  Nf4 {[%clk 1:10:43]} 12. Nxf6+ {[%clk 1:17:17]}  Qxf6 {[%clk 1:10:52]} 13. Bg4 {[%clk 1:16:02]}  Qg6 {[%clk 0:51:42]} 14. Qf3 {[%clk 1:13:43]}  f5 {[%clk 0:51:05]} 15. Bxf5 {[%clk 1:11:39]}  Bxf5 {[%clk 0:51:26]} 16. exf5 {[%clk 1:11:51]}  Qxf5 {[%clk 0:51:50]} 17. Qg4 {[%clk 1:10:36]}  Qf7 {[%clk 0:49:04]} 18. Rfe1 {[%clk 1:05:33]}  Re6 {[%clk 0:48:48]} 19. Qf3 {[%clk 1:01:21]}  Rf8 {[%clk 0:43:48]} 20. Kh1 {[%clk 0:56:30]}  Qe7 {[%clk 0:40:20]} 21. Qe3 {[%clk 0:54:52]}  Bc5 {[%clk 0:36:13]} 22. Qg3 {[%clk 0:52:40]}  Rg6 {[%clk 0:30:58]} 23. Rxe5 {[%clk 0:47:42]}  Ne6 {[%clk 0:30:19]} 24. Qh2 {[%clk 0:45:34]}  Rxf2 {[%clk 0:30:26]} 25. Nf3 {[%clk 0:42:31]}  Rxc2 {[%clk 0:27:28]} 26. Bd4 {[%clk 0:37:48]}  Bxd4 {[%clk 0:25:41]} 27. Nxd4 {[%clk 0:37:46]}  Rcxg2 {[%clk 0:24:59]} 28. Qf4 {[%clk 0:33:26]}  Nxf4 {[%clk 0:25:23]} 29. Rxe7 {[%clk 0:33:49]}  R6g3 {[%clk 0:25:35]} 0-1

[Event "9 Round Open"]
[Site "Enniscrone, Sligo, IE"]
[Date "2026.02.02"]
[Round "1"]
[White "Hushpit, Lukian"]
[Black "Bienko, Jagoda"]
[Result "1-0"]
[Board "11"]
[WhiteFideId "14189208"]
[BlackFideId "1194569"]
[WhiteElo "2100"]
[BlackElo "1803"]
[WhiteTeam "IRL"]
[BlackTeam "AUT"]
[WhiteClock "0:11:02"]
[BlackClock "0:16:02"]
[Variant "Standard"]

1. e4 {[%clk 1:30:55]}  c5 {[%clk 1:30:51]} 2. Nf3 {[%clk 1:31:19]}  Nc6 {[%clk 1:31:10]} 3. d4 {[%clk 1:31:34]}  cxd4 {[%clk 1:31:31]} 4. Nxd4 {[%clk 1:31:59]}  g6 {[%clk 1:31:36]} 5. Be3 {[%clk 1:25:09]}  Nf6 {[%clk 1:30:08]} 6. Nc3 {[%clk 1:24:31]}  d6 {[%clk 1:29:42]} 7. f3 {[%clk 1:22:58]}  Bg7 {[%clk 1:29:51]} 8. Qd2 {[%clk 1:16:18]}  O-O {[%clk 1:29:25]} 9. g4 {[%clk 1:16:00]}  h5 {[%clk 1:28:20]} 10. gxh5 {[%clk 1:11:10]}  Nxh5 {[%clk 1:28:27]} 11. O-O-O {[%clk 1:06:52]}  Bd7 {[%clk 1:27:05]} 12. Be2 {[%clk 1:01:46]}  Rc8 {[%clk 1:04:21]} 13. Nxc6 {[%clk 0:56:32]}  Rxc6 {[%clk 1:03:28]} 14. Nd5 {[%clk 0:37:39]}  Be6 {[%clk 0:57:37]} 15. Kb1 {[%clk 0:24:53]}  a6 {[%clk 0:43:36]} 16. f4 {[%clk 0:19:13]}  Nf6 {[%clk 0:43:10]} 17. Nxf6+ {[%clk 0:19:22]}  Bxf6 {[%clk 0:43:34]} 18. f5 {[%clk 0:17:35]}  Bc4 {[%clk 0:31:10]} 19. fxg6 {[%clk 0:16:14]}  Bxe2 {[%clk 0:31:02]} 20. gxf7+ {[%clk 0:16:26]}  Kxf7 {[%clk 0:28:24]} 21. Qxe2 {[%clk 0:16:48]}  e6 {[%clk 0:27:05]} 22. Qh5+ {[%clk 0:13:51]}  Ke7 {[%clk 0:26:57]} 23. Rhf1 {[%clk 0:12:11]}  Qc7 {[%clk 0:20:36]} 24. Bg5 {[%clk 0:10:21]}  Bxg5 {[%clk 0:15:57]} 25. Qxg5+ {[%clk 0:10:38]}  Ke8 {[%clk 0:16:02]} 26. Qg6+ {[%clk 0:11:02]} 1-0